motel whore - Nessa Barrett - Statistics

General Stats
  • This quiz has been taken 16 times
  • The average score is 144 of 178
Answer Stats
Hint Answer % Correct
Motel
100%
motel
100%
whore
100%
You
100%
you
100%
a
90%
for
90%
for?
90%
I
90%
(I
90%
Just
90%
just
90%
me
90%
more
90%
More
90%
more)
90%
night
90%
than
90%
the
90%
Am
80%
am
80%
at
80%
be
80%
can't
80%
get
80%
her
80%
I'm
80%
in
80%
like
80%
Like
80%
love
80%
Not
80%
not
80%
off
80%
on
80%
One
80%
out
80%
Said
80%
Chorus Tell
80%
(Tell
80%
to
80%
To
80%
treat
80%
was
80%
what
80%
when
80%
When
80%
Verse 2 Why
80%
your
80%
you're
80%
yours?
80%
147
70%
baby
70%
bored
70%
Pre-Chorus Check
70%
check
70%
come
70%
corpse
70%
Cryin'
70%
Darlin'
70%
Did
70%
doll
70%
door
70%
floor
70%
goddamn
70%
goodbye
70%
heaven
70%
hide?
70%
horse
70%
lady
70%
late
70%
Outro Leave
70%
Left
70%
left
70%
location
70%
lovely?
70%
mother
70%
only
70%
over
70%
precious
70%
promise
70%
raise
70%
Verse 1 Room
70%
saying
70%
secret
70%
son
70%
stay
70%
Turn
70%
wanna
70%
without
70%
wounded
70%
desperate
60%
and
40%
can'y
0%
No matching quizzes found
Score Distribution
Percent of People with Each Score
Percentile by Number Answered
Your Score History
You have not taken this quiz